| 000 | 00623nam a2200217Ia 4500 | ||
|---|---|---|---|
| 008 | 101110s9999 xx 000 0 und d | ||
| 041 | _aENGLISH | ||
| 082 | _bSR28721 | ||
| 100 | _aDhond Arvind A. | ||
| 245 | _aFinancial management BMS 3rd year, 5th semester, 1st edition | ||
| 260 |
_c2005 _bSheth Publication, Mumbai |
||
| 300 | _a588 | ||
| 365 | _b180 | ||
| 520 | _aB.M.S. | ||
| 546 | _aENGLISH | ||
| 630 | _aFinancial management BMS 3rd year, 5th semester, 1st edition | ||
| 650 | _aB.M.S. | ||
| 655 | _aB.M.S. | ||
| 730 | _aFinancial management BMS 3rd year, 5th semester, 1st edition | ||
| 942 | _cBOOK | ||
| 999 |
_c821248 _d821245 |
||